| 000 | 01193nac a22003131i 4500 | ||
|---|---|---|---|
| 003 | EG-ScBUE | ||
| 005 | 20260318095158.0 | ||
| 008 | 260310r19971996enka f b 001 0 eng d | ||
| 020 | _a0521555361 (pbk.) | ||
| 020 | _a9780521555364 | ||
| 040 |
_aEG-ScBUE _beng _erda _cEG-ScBUE _dEG-ScBUE |
||
| 082 | 0 | 4 |
_a599.8840451 _bGRE _222 |
| 245 | 0 | 0 |
_aGreat ape societies / _cedited by William C. McGrew, and Linda F. Marchant, Miami University, Oxford, Ohio, USA, and Toshisada Nishida, Kyoto University, Kyoto, Japan. |
| 250 | _aReprinted edition. | ||
| 264 | 1 |
_aCambridge : _bCambridge University Press, _c1997. |
|
| 300 |
_axx, 328 pages : _billustrations ; _c26 cm |
||
| 336 |
_2rdacontent _atext _btxt |
||
| 337 |
_aunmediated _2rdamedia _bn |
||
| 338 |
_avolume _bnc _2rdacarrier |
||
| 500 | _aIncludes appendix. | ||
| 504 | _aIncludes bibliographical references and index. | ||
| 650 | 7 |
_aApes _xBehavior. _2BUEsh |
|
| 650 | 7 |
_aAnimal societies. _2BUEsh |
|
| 655 | _vReading book | ||
| 700 | 1 |
_aMcGrew, W. C. _q(William Clement), _d1944- _eeditor. |
|
| 700 | 1 |
_aMarchant, Linda F. _q(Linda Frances), _d1951- _eeditor. |
|
| 700 | 1 |
_aNishida, Toshisada, _d1941-2011, _eeditor. |
|
| 942 |
_cBB _2ddc |
||
| 999 |
_c9586 _d9586 |
||